Eilhard Mitscherlich, prince of Prussian chemistry /
Saved in:
| Main Author: | |
|---|---|
| Format: | Book |
| Language: | English German |
| Published: |
Washington, DC
American Chemical Societyand the Chemical Heritage Foundation
1997.
|
| Series: | History of modern chemical sciences
|
| Subjects: | |
| Online Access: | View in OPAC |
| Tags: |
No Tags, Be the first to tag this record!
|
MARC
| LEADER | 00000cam a2200000 a 4500 | ||
|---|---|---|---|
| 005 | 20260127134408.0 | ||
| 008 | 171201s1997 dcua b 001 0beng | ||
| 010 | |a 96-033322 | ||
| 020 | |a 0841233454 |q (alk. paper) | ||
| 035 | |a vtls001516385 | ||
| 035 | |a (DLC) 96033322 | ||
| 035 | |a ()4945197 | ||
| 039 | 9 | |a 201712011401 |b VLOAD |c 200903060906 |d mschk03 |c 200503020941 |d mschk03 |c 200503010942 |d mschk03 |y 200503010937 |z mschk03 | |
| 040 | |a STUSCHK1 |b slo |c STUSCHK1 | ||
| 041 | 1 | |a eng |h ger | |
| 043 | |a e-gx--- | ||
| 082 | 0 | 0 | |a 540/.92 |a B |2 20 |
| 100 | 1 | |a Schutt, Hans-Werner | |
| 240 | 1 | 0 | |a Eilhard Mitscherlich, Baumeister am Fundament der Chemie. |l English |
| 245 | 1 | 0 | |a Eilhard Mitscherlich, prince of Prussian chemistry / |c Hans-Werner Schütt ; William E. Russwy, translator. |
| 260 | |a Washington, DC |b American Chemical Societyand the Chemical Heritage Foundation |c 1997. | ||
| 300 | |a xvi, 239 p. |b ill. |c 24 cm. | ||
| 440 | 0 | |a History of modern chemical sciences | |
| 504 | |a Includes bibliographical references (p. 223-232) and index. | ||
| 600 | 1 | 0 | |a Mitscherlich, Eilhard, |d 1794-1863. |
| 650 | 0 | |a Chemists |z Germany |x Biography. | |
| 650 | 0 | |a Isomorphism (Crystallography) | |
| 906 | |a 7 |b cbc |c orignew |d 1 |e ocip |f 19 |g y-gencatlg | ||
| 910 | |a SCHK95 | ||
| 919 | |a 0-8412-3345-4 | ||
| 920 | |a *** LC HAS REQ'D # OF SHELF COPIES *** | ||
| 991 | |b c-GenColl |h QD22.M58 |i S3813 1997 |p 00034227652 |t Copy 1 |w BOOKS | ||
| 999 | |c 11713 |d 11713 | ||